| 000 | 00000nam##2200000za#4500 |
| 001 | 9.530186 |
| 003 | CaOODSP |
| 005 | 20200401034316 |
| 007 | ta |
| 008 | 150406|1997||||xxc||||| f|0| 0 eng|d |
| 020 | |a0-662-63228-1 |
| 040 | |aCaOODSP|beng |
| 041 | |aeng |
| 041 | |afre |
| 043 | |an-cn--- |
| 086 | 1 |aC21-24/18-1997 |
| 110 | 1 |aCanada.|bIndustry Canada. |bMicro-Economic Analysis Directorate. |
| 245 | 10|aRegional disparities in Canada: characterization, trends and lessons for economic policy / |cby Serge Coulombe. |
| 260 | |aOttawa - Ontario : |bIndustry Canada. |c1997. |
| 300 | |aEnglish text, 32p. : |bgraphs, table ; |c28 cm. |
| 490 | 1 |aWorking paper|v18 |
| 500 | |a"The aim of the present study is to examine the history of Canada's regional disparities through empirical analysis in line with the new wave of studies focusing on convergence and economic growth."--Page 4. N.B.: Incorrect catalogue number (C21-24/19) printed in this publication. |
| 504 | |aBibliography. |
| 520 | 3 |aThe aim of the present study is to examine the history of Canada's regional disparities through empirical analysis in line with the new wave of studies focusing on convergence and economic growth.--Page 4 |
| 546 | |aBilingual |
| 563 | |aSoftcover |
| 590 | |a98-07|b1998-02-13 |
| 690 | 07|aEconomic conditions|2gcpds |
| 720 | 1 |aCoulombe, Serge |
| 776 | 0#|tRegional disparities in Canada : |w(CaOODSP)9.570581 |
| 776 | 0#|tLes disparités régionales au Canada : |w(CaOODSP)9.601230 |
| 792 | |tLes disparités régionales au Canada: diagnostic, tendances et leçons pour la politique économique / |efre|w(CaOODSP)9.530187 |
| 830 | #0|aWorking paper ;|v18|w(CaOODSP)9.509052 |